000 00845nam a22002177a 4500
008 090306t xxu||||| |||| 00| 0 eng d
010 _aENG-93109
020 _a8178295835
_c100.00
035 _aEN-76642
037 _bDBAD / PUB
040 _adpl
_bEnglish
082 _a338.954
100 _aSanthanalakshmi, V.
245 _aInter-sectoral linkages in Indian economy /
_cby V. Santhanalakshmi
260 _aMumbai
_bSitech Pubications
_c2007
270 _a5, India Merchantlie Chamer, R. Kamani Marg,
_bMumbai
_e10
300 _a121p.
_c20cm (pbk)
500 _aIncludes bibliographical references
942 _2ddc
_cEN
_mSAN
_h338.954
999 _c24947
_d24947